Statistiques concernant Capitales de l'Amérique du Nord - Carte Quiz

Cliquez ici pour prendre le quiz!

Statistiques générales

  • Ce quiz a été pris 19 278 fois
  • Le résultat moyen est 11 sur 23

Réponses sur la Carte

Les réponses sont colorées sur une échelle allant du rouge au vert en fonction du pourcentage des utilisateurs qui les ont devinées à leur premier essai. Vous pouvez retrouver ces pourcentages ci-dessous.
 

Statistiques - réponses

Réponse% Correct
Mexico
95%
Washington
95%
Ottawa
92%
Panama
76%
La Havane
75%
San Salvador
62%
Guatemala
60%
Port-au-Prince
59%
Saint-Domingue
53%
Nassau
49%
San José
49%
Kingston
46%
Belmopan
43%
Tegucigalpa
43%
Managua
41%
Port-d'Espagne
35%
Roseau
23%
Bridgetown
22%
Castries
22%
Basseterre
21%
Saint George's
21%
Saint John's
19%
Kingstown
18%

Distribution des résultats

Percentile par nombre de réponses

% des personnes avec chaque résultat

Votre développement - résultats

Vous n’avez pas pris ce quiz